ŠTÚDIUM LOKÁLNYCH ANESTETÍK. CVIII. : Korelácia medzi log k', niektorými fyzikálno-chemickými parametrami a lokálno anestetickou účinnosťou v sérii dimetylamínoetylesterov alkoxysubstituovaných kyselín fenylkarbámových

Bibliographic Details
Main Authors: Bednáriková, A. (Author), Čižmárik, Jozef, 1943- (Author), Lehotay, J. (Author), Pham Thi Viet Nga (Author)
Format: Article
Language:Slovak

MARC

LEADER 00000nab a2200000uu 4500
001 vtls011157515
003 SK-MaSNL
005 20260303130024.0
008 230218|1993 xo |||||||||||||||||slo|
015 |a SNBRB 
035 |a (urnnbn)urn:nbn:sk:snk:ar-a0af0d 
035 |a (uuid)52253373-903f-4a65-bcc5-81ec8605b662 
035 |a urn:nbn:sk:snk-abb5jw 
040 |a SNKBUCL  |b slo  |c SNKBUCL  |e AACR2 
041 0 |a slo 
044 |a xo  |c SK 
100 1 |a Bednáriková, A.  |4 aut  |9 989727 
245 1 0 |a ŠTÚDIUM LOKÁLNYCH ANESTETÍK. CVIII. :  |b Korelácia medzi log k', niektorými fyzikálno-chemickými parametrami a lokálno anestetickou účinnosťou v sérii dimetylamínoetylesterov alkoxysubstituovaných kyselín fenylkarbámových  |c A. Bednáriková, J. Čižmárik, J. Lehotay, Pham Thi Viet Nga 
700 1 |a Čižmárik, Jozef,  |d 1943-  |4 aut  |9 106710 
700 1 |a Lehotay, J.  |4 aut  |9 567989 
700 1 |a Pham Thi Viet Nga  |4 aut  |9 989726 
773 0 |t Československá farmacie : měsíčník farmaceutické sekce Československé lékařské společnosti J. Ev. Purkyně  |g Roč. 42, č. 1 (1993), s. 27-29 
954 |a odborná, vedecká literatúra pôvodná (slovenská)  |2 lita 
958 |a OND 
958 |a EUIPO 
958 |a article14 
999 |c 1937834  |d 1939764